000 00244 a2200097 4500
090 _c3808
_d3808
100 _aBrian Austin
245 _aWeb Page Design in Easy Steps
260 _aDreamtech Press
_bNew Delhi
_c2000
942 _aNBS
_cBK
_k005.13 AUS
999 _c346272
_d346272